000 00347nam a22001457a 4500
020 _a978-8170977988
041 _aENG
100 _a Radhey Lal
245 _aAgricultural Engineering ( Through Worked Examples )
260 _aAllahabad
_bSaroj Prakashan
_c2011
300 _a800
650 _aFMP
700 _aDatta .A.C
856 _uFMP ( 23 )
999 _c131
_d131